01010nam a2200289 i 4500003000900000005001700009007000300026008004100029040003000070082001900100100003800119242000800157245003800165264007300203300002900276336002700305337003400332338002800366590002700394650002100421650004300442650002300485910001400508942001300522952016800535999001700703DO-SdBNP20260116073831.0ta250225s1979 dr 000 0 spa d aDO-SdBNPbspacBNPHUerda 4axxxxbM274222 aManel, Diobeneautor4aut.987006 a 10aClaveles del amor /cDioben Manel 1aSantiago, República Dominicana :b[Editor no identificado],c1979. a[16] páginas ;c22 cm. atextobtxt2rdacontent asin mediación bn2rdamedia avolumenbnc2rdacarrier aInventariado, 2025/ YL 0aAutoestima 9212 7aAutorrealización (Psicología)9211 7aConducta (Ética) aYLockward 2ddccLF2 00102ddc51708PD-FaBNPHUbBNPHUcCTd2024-10-29eDonado por Consejo Nacional de Competitividadl0oBNPHU F-PD xxxx M274p2025-1252r2025-02-25w2025-02-25yLF2 c58229d58229